Encyclopedia of Science & Technology (17 SOR-SUP) (ĐĨA CD) /
The Encyclopedia of Science & Technology present pertinent information in every filed of modern science and technology. The 7100 articles are arranged alphabetically in the 19 text volumes. The range of article titles included in each volume is indicated on the spine and front cover. Thus the re...
Na minha lista:
| Autor principal: | |
|---|---|
| Formato: | Livro |
| Idioma: | Vietnamese |
| Publicado em: |
American :
MC Graw Hill ,
2007
|
| Edição: | Tái bản lần thứ 10 |
| Assuntos: | |
| Tags: |
Adicionar Tag
Sem tags, seja o primeiro a adicionar uma tag!
|
| Thư viện lưu trữ: | Thư viện Trường CĐ Kỹ Thuật Cao Thắng |
|---|
| LEADER | 01211nam a2200229 a 4500 | ||
|---|---|---|---|
| 001 | TVCDKTCT9421 | ||
| 003 | Thư viện trường Cao đẳng Kỹ thuật Cao Thắng | ||
| 005 | 20080515000000 | ||
| 008 | 080515 | ||
| 980 | \ | \ | |a Thư viện Trường CĐ Kỹ Thuật Cao Thắng |
| 024 | |a RG_1 #1 eb0 i1 | ||
| 020 | # | # | |a 0071441433 |
| 041 | 0 | # | |a vie |
| 082 | # | # | |a 603 / |b ENC600C-m |
| 100 | 1 | # | |a Hill McGraw |
| 245 | 0 | 0 | |a Encyclopedia of Science & Technology (17 SOR-SUP) (ĐĨA CD) / |c Hill McGraw |
| 250 | # | # | |a Tái bản lần thứ 10 |
| 260 | # | # | |a American : |b MC Graw Hill , |c 2007 |
| 300 | # | # | |a 775tr. ; |c 27cm |
| 520 | # | # | |a The Encyclopedia of Science & Technology present pertinent information in every filed of modern science and technology. The 7100 articles are arranged alphabetically in the 19 text volumes. The range of article titles included in each volume is indicated on the spine and front cover. Thus the reader may quickly locate by its title. The 20th volume contains the indexes and ancillary. This volume 17 contains articles with titles starting with "SOR" up "SUP" |
| 650 | # | 4 | |a Bách khoa toàn thư--Khoa học Kỹ thuật |
| 650 | # | 4 | |a Encyclopedia--Science Technology |


